| 000 | 01420nam0a22003011 4500 | ||
|---|---|---|---|
| 001 | v19\rc\2054181 | ||
| 005 | 20260405065043.0 | ||
| 035 | _a(NLR Aleph) 005131960 | ||
| 090 |
_a4717829 _c4717828 |
||
| 100 | _a20081111e19081908|||y0rusy50 ca | ||
| 101 | 0 | _arus | |
| 102 | _aRU | ||
| 105 | _ay z ||||| | ||
| 200 | 1 |
_aМолитва отцов Никейского первого вселенского собора _e[Представлено в заседании Историко-филологич. отд-ния 12 дек. 1907 г.] _fВ.Н. Бенешевич |
|
| 210 |
_aСанкт-Петербург _cтип. Имп. Ак. наук _d1908 |
||
| 215 |
_a73-74 с. _d26 |
||
| 300 | _aНа 1 с. издал В.Н. Бенешевич | ||
| 309 | _aБез тит. л. | ||
| 311 | _aОтт. из: "Известия Имп. Академии наук. 1908" | ||
| 488 | 0 |
_12001#$aИзвестия Императорской Академии наук$v1908 _tИзвестия Императорской Академии наук |
|
| 532 | 1 | 3 | _aМолитва отцов Никейского первого вселенского собора |
| 700 | 1 |
_8rus _7ca _aБенешевич _bВ. Н. _f1874-1938 _gВладимир Николаевич _3RU\NLR\AUTH\7722979 _96033 |
|
| 801 | 0 |
_aRU _bNLR _gpsbo |
|
| 801 | 1 |
_aRU _bProSoft-M _2rusmarc |
|
| 852 |
_aNLR _j38.18.5.18 |
||
| 942 | _cBOOK | ||
| 980 | _aNB | ||